Normal view
MARC view
- Chmielewski. A Thomas, Negin Michael
Entry Corporate Name
001 - CONTROL NUMBER
- control field: 122765
003 - CONTROL NUMBER IDENTIFIER
- control field: NUST
005 - DATE AND TIME OF LATEST TRANSACTION
- control field: 20240521103925.0
008 - FIXED-LENGTH DATA ELEMENTS
- fixed length control field: 240521|| aca||aabn | a|a d
040 ## - CATALOGING SOURCE
- Original cataloging agency: NUST
- Transcribing agency: NUST
110 ## - HEADING--CORPORATE NAME
- Corporate name or jurisdiction name as entry element: Chmielewski. A Thomas, Negin Michael
670 ## - SOURCE DATA FOUND
- Source citation: Work cat.: (NUST): Klafter. D Richahrd 122764, Robotic Engineering, 2001.
